00789nam a2200205 a 450000100100000000500170001000800410002702000150006804000250008308200150010824501260012326000830024930000210033249000250035350000310037883000320040904900090044195201180045099900150056800000535920200929151643.0090819s1999 es 001 spa d a8400079620 aDO-SdBNPbspacBNPHU axxxxbxxxx00aMedio ambiente y desarrollo en América Latina / :bcoordinadores; J. Raul Navarro García, Fernándo Díaz del Olmo. aSevilla, España :aEscuela de Estudios Hispano-Americanos de Sevilla,c1999. a244 p. ;c21 cm.1 aDifusión y estudio aIncluye tabla de contenido 0aDifusión y estudio915205 aBNPD 001054708MOaGRbGRcHDd2009-08-19iLF1l0oxxxx xxxxp5359-10r2020-06-25w2020-06-25y4ZPréstamo en sala c5159d5159